عرض عادي
عرض مارك
- Tennekes, H.
مدخل إسم شخص
001 - رقم الضبط
- حقل الضبط: 36577
003 - معرف رقم الضبط
- حقل الضبط: OSt
005 - تاريخ ووقت أخر عملية
- حقل الضبط: 20130806151049.0
008 - عناصر بيانات ثابتة الطول
- حقل تحكم ثابت الطول: 130806|||a|||||| | ||| d
040 ## - مصدر الفهرسة
- هيئة الفهرسة الأصلية: OSt
- وكالة الكتابة: OSt
100 ## - مدخل -- أسم شخص
- إسم شخص: Tennekes, H.
- الشكل الكامل للاسم: (Hendrik)
670 ## - بيانات المصدر موجوده
- الاستشهاد بالمصدر: Work cat.: (OSt)0: Tennekes, H. (Hendrik), A first course in turbulence, [1972]
